000 01010nam a2200289 u 4500
001 000020413
003 DO-SdBPM
005 20241025122233.0
008 100813s2015 dr a 000 0 spa d
020 _a9789945893427
040 _aDO-SdBPM
_bspa
_cBPMSU
082 4 _a199.7293
_bO12f 2015
_222
100 1 _aObjío, Orlando,
_d1954-
245 1 3 _aLa filosofía política de Andrés Avelino :
_bfilosofía y dictadura /
_cOrlando Objío ; edición Bergson Rosario.
260 _aSanto Domingo :
_bEditora Búho,
_c2015.
300 _a217 p. ;
_c22 cm.
500 _aIncluye datos biográficos del autor en la solapa de la cubierta
500 _aIncluye referencias bibliográficas y notas al pie de las páginas
504 _aBibliografía : p. 205-217
590 _aInventariado 2024/VM
600 1 4 _aAvelino, Andrés,
_d1900-1974
650 4 _aFilósofos dominicanos
700 1 _aRosario, Bergson
_eed.
700 z _aB. Rosario
910 _aVMateo V. Control de calidad. BMSU
942 _2ddc
_cBK
999 _c12634
_d12634